00542nam a2200085Ia 4500008004100000245004800041300027700089650001100366856007900377170517s9999 xx 000 0 und d aBehind The Big News: Propaganda and the CFR aThe executives, the editors in print media, the senior producers, executive producers in the visual media – these are the people who have the ideological bias and what’s probably almost as important – their personal friendships. They go to the same country clubs,... xMedia. uhttp://topdocumentaryfilms.com/behind-the-big-news-propaganda-and-the-cfr/